Natural rubber silica composite-in-situ formation (Record no. 63638)

MARC details
000 -LEADER
fixed length control field 00462nam a2200157Ia 4500
100 ## - MAIN ENTRY--AUTHOR NAME
Personal name Claramma N M
245 #0 - TITLE STATEMENT
Title Natural rubber silica composite-in-situ formation
260 ## - PUBLICATION, DISTRIBUTION, ETC. (IMPRINT)
Name of publisher Proceedings of the 19th Rubber Conference 19 to 20 December 2005, IRMRA, Thane. pp.52-57.
650 ## - SUBJECT ADDED ENTRY--TOPICAL TERM
Topical Term Natural rubber
650 ## - SUBJECT ADDED ENTRY--TOPICAL TERM
Topical Term Reinforcement
650 ## - SUBJECT ADDED ENTRY--TOPICAL TERM
Topical Term Silica
700 ## - ADDED ENTRY--PERSONAL NAME
Personal name Alex R
700 ## - ADDED ENTRY--PERSONAL NAME
Personal name Mathew N M
942 ## - ADDED ENTRY ELEMENTS (KOHA)
Koha item type Journals
Holdings
Withdrawn status Lost status Damaged status Not for loan Home library Current library Shelving location Date acquired Koha item type
      Journals RRII Library RRII Library Rubber chemistry 17/12/2021 Journals